000 00288nam a22001337a 4500
999 _c168249
_d168249
082 _a
_b
100 _aPenny Mckay
245 _aAssessing young language learners/
_cby Penny Mckay.
260 _a
_bCambridge,
_c2005.
300 _a388p.
600 _a
650 _a
942 _cBK